Random PJO/HoO Trivia Quiz Stats

 Plays Quiz not verified by Sporcle

Score 0/19 Timer 10:00
2 Plays Today
Hint Answer % Correct
Protagonist,Son of Poseidon,Hero of OlympusPercy Jackson
99.1%
Daughter of Athena,Girlfriend of Percy,Hero of OlympusAnnabeth Chase
98.6%
Half Brother of Percy,Cyclops,Son of PoseidonTyson
97.3%
Best Friend of Percy,SatyrGrover Underwood
95.4%
Daughter of Zeus,Hunter of ArtemisThalia Grace
95.4%
Trainer,CentaurChiron
93.6%
Son of HadesNico di Angelo
92.2%
Son of Jupiter,Hero of OlympusJason Grace
90.9%
Son of Hepheastus,Best Friend of Jason,Hero of OlympusLeo Valdez
90.9%
Titan LordKronos
90.9%
Hint Answer % Correct
Daughter of Aphrodite,Girlfriend of Jason,Hero of OlympusPiper McLean
88.1%
Son of Mars,Boyfriend of Hazel,Hero of OlympusFrank Zhang
86.8%
Son of Hermes,TraitorLuke Castellan
85.8%
Daughter of Pluto,Resurrected,Hero of OlympusHazel Levesque
82.6%
Mother EarthGaia
74.4%
Giant,Anti-PoseidonPolybotes
34.7%
Giant,Anti-ZeusPorphyrion
32.4%
Giant,Anti-AthenaEnceladus
25.6%
Giant,Anti-HadesAlcyoneus
23.3%

You're not logged in!

Compare scores with friends on all Sporcle quizzes.
OR
Log In

Sporcle TV

Today on Sporcle TV


Watch our educational content, quiz creation guides, and fun videos on Sporcle TV.

Show Comments

Extras

Created Jan 17, 2015ReportNominate

Top Quizzes Today


Score Distribution

Your Account Isn't Verified!

In order to create a playlist on Sporcle, you need to verify the email address you used during registration. Go to your Sporcle Settings to finish the process.

Report this User

Report this user for behavior that violates our Community Guidelines.

Details: